00433nam a2200169Ia 4500003000400000005001700004008004100021020001800062050002500080100002200105245004700127260003500174300003300209440000600242521000700248526000800255OSt20140313110139.0140130s9999 xx 000 0 und d a9780439693264 aPZ 7b.Oc165Bar 1999 aOchiltree, Dianne aBart's amazing charts /cDianne Ochiltree. bScholastic,c1999.aNew York : a20 p. :bcol. ill. ;c24 cm. v1 aG1 c220